Historia del Agro Argentino (Registro nro. 4657)

Detalles MARC
000 -LEADER
fixed length control field 01413 a2200217 4500
001 - CONTROL NUMBER
control field 48629
005 - DATE AND TIME OF LATEST TRANSACTION
control field 20260407155751.0
008 - FIXED-LENGTH DATA ELEMENTS--GENERAL INFORMATION
fixed length control field 260407a2001 arg spa d
003 - CONTROL NUMBER IDENTIFIER
control field AR-UNSa-BCEJYS
040 ## - CATALOGING SOURCE
Original cataloging agency AR-UNSa-BCEJYS
Language of cataloging spa
Transcribing agency AR-UNSa-BCEJYS
080 ## - UNIVERSAL DECIMAL CLASSIFICATION NUMBER
Universal Decimal Classification number 94(82):33
Common auxiliary subdivision Historia Económica Argentina
020 ## - INTERNATIONAL STANDARD BOOK NUMBER
International Standard Book Number 987-9397-21-5
100 1# - MAIN ENTRY--PERSONAL NAME
Personal name Barsky, Osvaldo
245 10 - TITLE STATEMENT
Title Historia del Agro Argentino
Name of part/section of a work Desde la conquista hasta fines dl siglo XX
264 #1 - PRODUCTION, PUBLICATION, DISTRIBUTION, MANUFACTURE, AND COPYRIGHT NOTICE
Place of production, publication, distribution, manufacture Buenos Aires :
Name of producer, publisher, distributor, manufacturer Grijalbo Mondadari
Date of production, publication, distribution, manufacture, or copyright notice 2001
300 ## - PHYSICAL DESCRIPTION
Extent 460 p.
Dimensions 20 cm.
505 ## - FORMATTED CONTENTS NOTE
Formatted contents note 1. Las sociedades indígenas y la conquista - 2. El modelo clásico colonial - 3. Las reformas borbónicas y las tensiones del mundo agrario - 4. La revolución de independencia y la expansión ganadera - 5. Desierto y Nación: cambios y continuidades entre 1850 y 1880 - 6. La conformación básica del agro moderno 1880-1914 - 7. La evaluación del sector agropecuario entre la primera guerra mundial y la gran depresión internacional 1914-1929 - 8. La gran depresión y la crisis - 9. La declinación de la agricultura Pampeana 1940-1952 - 10. La recuperación de la agricultura Pampeana y la culminación de la vigencia del sistema tradicional de arrendamientos - 11. Los cambios de las políticas macroeconómicas y su impacto sobre el sector agropecuario 1970-2000
590 ## - LOCAL NOTE (RLIN)
Local note niveau_biblio:m niveau_hierar:0
700 1# - ADDED ENTRY--PERSONAL NAME
Personal name Gelman, Jorge
942 ## - ADDED ENTRY ELEMENTS (KOHA)
Koha item type
Existencias
Withdrawn status Lost status Damaged status Not for loan Home library Current library Shelving location Date acquired Total checkouts Full call number Barcode Date last seen Price effective from Koha item type
        Biblioteca Prof. Eusebio Cleto del Rey Biblioteca Prof. Eusebio Cleto del Rey   07/04/2026   94(82):33 B282 L86806 07/04/2026 07/04/2026 Libro
        Biblioteca Prof. Eusebio Cleto del Rey Biblioteca Prof. Eusebio Cleto del Rey   07/04/2026   94(82):33 B282 L87327 07/04/2026 07/04/2026 Libro
        Biblioteca Prof. Eusebio Cleto del Rey Biblioteca Prof. Eusebio Cleto del Rey   07/04/2026   94(82):33 B282 L87328 07/04/2026 07/04/2026 Libro